Quizzes
Events
Quiz Creation
Community
Videos
Private Events
Remove Ads
Sign In
Join for FREE
Feedback
Dark Mode
Quiz Categories
Sports
Geography
Music
Movies
Television
Just For Fun
Miscellaneous
History
Literature
Language
Science
Gaming
Entertainment
Religion
Holiday
For Kids
Quiz Lab
Recent
Popular Today
Quiz Kudos Today
Editor Picks
Curator Picks
Quizzes by...
Day
Popularity
Type
Ratings
Length
Year
Community
Subscriptions
Recent Discussions
Orange Saloon
Badges
Playlists
Quests
Create
Leaderboards
Showdown
Live 5
Trivia Bingo
Activity
Puzzle Library
Sporcle Events
Private Events
Virtual Trivia
Globe League
Become a Host
Pub Owners
SporcleCon
Opinionation
Our Games
Videos
Blog
Mobile Apps
Partnerships
Remove Ads and Go Orange
Feedback
Television
TV Characters
TV Show
Sitcom
Network
Friends
Reality Shows
Cast
South Park
Star Trek
The Simpsons
Doctor Who
Television
TV Characters
TV Show
Sitcom
Network
Friends
Reality Shows
Cast
South Park
Star Trek
The Simpsons
Doctor Who
Random Quiz
Search Sporcle
×
Quiz Lab
Quiz Lab
Television
Friends
Type in answers that appear in a list
Type in answers that appear in a list
Classic
Best Score? Go Orange.
Name the... Friends Family Members Stats
Can you name the family members from Friends?
By
SporcleEXP
10m
46 Questions
343 Plays
343 Plays
343 Plays
Comments
Comments
Give Quiz Kudos
Give Quiz Kudos
-
- Ratings
hide this ad
Replay
Link that replays current quiz
Next Quiz
Link to next quiz in quiz playlist
You Got
0%
They Got
Avg Score
78%
Avg Friend Score
Upgrade to see
Score Distribution
Jump to the score distribution portion of the page
Score
0/46
Timer
10:00
0
Plays Today
% Correct
Rachel Karen Green
97.1%
Monica Geller-Bing
95.3%
Monica Geller-Bing
95.3%
Joseph Francis Tribbiani
95%
Chandler Buffay
95%
Ross Eustace Geller
94.8%
Chandler Muriel Bing
94.8%
Emma Geller-Green
93%
Emma Geller-Green
93%
Phoebe Buffay-Hannigan
93%
Phoebe Abbott
93%
Ben Geller
91.5%
Michael Hannigan
91.3%
Jack Geller
91%
Jack Bing
91%
Amy Green
90.7%
Frank Buffay
90.1%
Frank Buffay Jr.
90.1%
Frank Jr. Jr.
90.1%
Judy Geller
89.2%
Jill Green
87.8%
Erica Bing
86.6%
Ursula Pamela Buffay
86%
% Correct
Nora Tyler Bing
84.5%
Leslie Buffay
83.7%
Leonard Green
81.6%
Charles Bing
81%
Lily Buffay
79.3%
Sandra Green
79%
Mary-Angela Tribbiani
79%
Joseph Tribbiani Sr.
77.3%
Cookie Tribbiani
74.1%
Dina Tribbiani
73.5%
Gloria Tribbiani
70.6%
Cassie Geller
68.5%
Gina Tribbiani
68.2%
Althea
64.7%
Mary-Therese Tribbiani
62.7%
Bitsy Hannigan
61.8%
Tina Tribbiani
60.9%
Theodore Hannigan
54.8%
Veronica Tribbiani
54.2%
Ida Green
39.7%
Frances
31.8%
Nonnie
26.5%
Albert Bing
21.9%
Quiz Playlist
Details
Report
Send in Message
Add To Playlist
Classic:
Type in answers that appear in a list
Quiz Source
Last Updated: Feb 16, 2017
Quiz Scoreboard
CHALLENGE
Sign Up to Join the Scoreboard
Show All
Scores
Hide
Comments
May contain spoilers
Recently Published
TV Characters by Other Roles V
by ghcgh
Television
5m
Decade Duel: World Leaders
by jenniferyan
History
4m
Alphabetical 'K' Countries by Flag Minefield
by ylime102
Geography
3m
More to Explore
Quiz From the Vault
Featured Blog Post
15 Basketball Trivia Facts You Can Be March Mad About
hide this ad
You Might Also Like...
Tags
Friends Quiz
Character
Family
Friends Characters
relation
Today's Top Quizzes in Television
Browse Television
hide this ad
Today's Top Quizzes in Friends
Browse Friends
Top Contributed Quizzes in Television
1
Hidden Simpsons Character
2
TV Characters by Other Roles VI
3
One Piece Logic Puzzle
4
Friends Cast Members by Other Roles
5
First Name TV: Leading Men
6
Hidden Simpsons Character XXIV
7
Grey's Anatomy Logic Puzzle
8
First Name TV: Leading Women Drama
9
Hidden Simpsons Character XXVI
10
Hidden Simpsons Character XXV
Explore More
Trending Topics
Crossword
Disney
Kpop
NBA
Marvel
Harry Potter
Anime
Pokémon
The Office
Song
NFL
Puzzle
Country
Soccer
WWE
hide this ad
More By:
SporcleEXP
Quiz
Plays
Rating
Category
Featured
Created
Harry Potter Deaths in Order Minefield
3,060,470
4.18
Literature
Jan 27, 2016
Sins, Dwarfs, and Spice Girls
846,645
4.42
Just For Fun
Apr 11, 2012
Ancient History Bunker
706,624
4.28
History
Jan 20, 2014
Movie Posters VI
678,043
4.37
Movies
Nov 12, 2010
Movie Posters VII
620,938
4.44
Movies
Apr 16, 2011
Go to Creator's Profile
Score Distribution
Quiz Creator Spotlight
SporcleEXP
Follow
Send a Message
Quizzes Created
-
Created Quiz Play Count
-
More By This Creator
Popular Quizzes Today
1
Countries of Asia Without Outlines Minefield
2
Find the US States - No Outlines Minefield
3
Pick 6: Fruits
4
The Countries of the World
5
Find the Countries of Europe - No Outlines Minefield
6
Alphabetical 'K' Countries by Flag Minefield
7
Find the US States
8
US States
More Television Quizzes
What If...? ~Characters
Quiz Lab
Trending Quizzes
Pick 6: Mountains
Pick 6: Harry Potter
Pick 6: NFL Teams
Pick 6: Flags
C Names for Actors
Recently Updated
Adaptations: Name the Title
pecheneg
NWSL Teams
pecheneg
Women's Final Four Teams by Year
bhenderson79
Presidents Quartet II
eogle
Anything But Clue(do)
eogle
Anything But Oceanian Capitals
eogle
Anything But 7
eogle
Anything But Thing
eogle
Word Ladder: February 29
pecheneg
Song Title Questions
pecheneg
Trending Topics
Harry Potter
NBA
Marvel
Anime
Kpop
Crossword
Disney
Pokémon
The Office
Soccer
Country
Puzzle
NFL
Song
WWE
Your Account Isn't Verified!
In order to create a playlist on Sporcle, you need to verify the email address you used during registration. Go to your
Sporcle Settings
to finish the process.
Report this User
Report this user for behavior that violates our
Community Guidelines
.
Details:
Send Report
Go to the Sporcle.com Mobile Site →
Comments